000 00596nam a2200169Ia 4500
008 180921t2106 xxu||||| |||| 00| 0 sin d
041 _asin
080 _aX
_bYAP
100 _aLiyanage,Nuwan Jood
245 _aයාපනය නිවරදි තොරතුරු මාර්ග සිතියම් හා අක්ෂාංශ දේශාංෂ සමග
246 _aYapanaya: Niwaradi Thorathuru Marga Sithiyam Ha Akshansha Deshansha Samaga
260 _bSanhida
_aNugegoda
_c2106
300 _b67p, 22cm
942 _cBK
999 _c6499
_d6499
003 LK-CoDNM
040 _aLK-CoDNM
_dLK-CoDNM
_eLK-CoDNM